000 00571cam a2200181 4500500
005 20260405002345.0
041 _afre
042 _adc
100 1 0 _aPortevin, Catherine
_eauthor
245 0 0 _aPendant que j’y pense / février 2017
260 _c2017.
500 _a50
690 _aCatherine Portevin
690 _aMichel Houellebecq
690 _aSchopenhauer
786 0 _nPhilosophie magazine | 106 | 2 | 2017-02-01 | p. 36-36 | 1951-1787
856 4 1 _uhttps://shs.cairn.info/magazine-philosophie-magazine-2017-2-page-36?lang=fr&redirect-ssocas=7080
999 _c2056945
_d2056945